Verbes irréguliers anglais (Participe Passé) - Statistiques

Statistiques générales
  • Ce quiz a été pris 79 fois
  • Le résultat moyen est 74 sur 122
Statistiques - réponses
Base Verbale Prétérit Participe passé Traduction % Correct
Bring Brought Brought apporter
96%
Feel Felt Felt se sentir
96%
Keep Kept Kept garder
96%
Send Sent Sent envoyer
96%
Win Won Won gagner
96%
Set Set Set fixer
94%
Tell Told Told dire
94%
Hit Hit Hit frapper
92%
Leave Left Left quitter
92%
Wake Woke Woken réveiller
92%
Make Made Made fabriquer
90%
Swing Swung Swung balancer
86%
Smell Smelt Smelt sentir
84%
See Saw Seen voir
82%
Shoot Shot Shot tirer
82%
Burn Burnt Burnt brûler
78%
Cut Cut Cut couper
78%
Hold Held Held tenir
78%
Put Put Put mettre
76%
Be Was/Were Been être
73%
Bite Bit Bitten mordre
73%
Fall Fell Fallen tomber
73%
Go Went Gone aller
73%
Have Had Had avoir
73%
Let Let Let laisser
73%
Meet Met Met rencontrer
73%
Run Ran Run courir
73%
Say Said Said dire
73%
Weep Wept Wept pleurer
73%
Do Did Done faire
71%
Rise Rose Risen s'élever
71%
Become Became Become devenir
69%
Begin Began Begun commencer
69%
Bend Bent Bent courber
69%
Catch Caught Caught attraper
69%
Forbid Forbade Forbidden interdire
69%
Forget Forgot Forgotten oublier
69%
Hurt Hurt Hurt blesser
69%
Know Known Known savoir
69%
Teach Taught Taught enseigner
69%
Understand Understood Understood comprendre
69%
Build Built Built construire
67%
Cost Cost Cost coûter
67%
Fight Fought Fought combattre
67%
Give Gave Given donner
67%
Leap Leapt Leapt sauter
67%
Light Lit Lit allumer
67%
Sleep Slept Slept dormir
67%
Spread Spread Spread étaler
67%
Think Thought Thought penser
67%
Cast Cast Cast jeter
65%
Choose Chose Chose choisir
65%
Come Came Come venir
65%
Dream Dreamt Dreamt rêver
65%
Mean Meant Meant signifier
65%
Sit Sat Sat être assis
65%
Stick Stuck Stuck coller
65%
Break Broke Broken briser
63%
Speak Spoke Spoken parler
63%
Strike Struck Struck frapper
63%
Beat Beat Beaten battre
61%
Overcome Overcame Overcome vaincre
61%
Pay Paid Paid payer
61%
Ring Rang Rung sonner
61%
Shake Shook Shaken mélanger
61%
Freeze Froze Frozen geler
59%
Lean Leant Leant s'appuyer
59%
Lend Lent Lent prêter
59%
Ride Rode Ridden aller
59%
Burst Burst Burst éclater
57%
Feed Fed Fed nourrir
57%
Hear Heard Heard entendre
57%
Blow Blew Blown souffler
55%
Sing Sang Sung chanter
55%
Awake Awoke Awoken se réveiller
53%
Creep Crept Crept ramper
53%
Tear Tore Tore déchirer
53%
Buy Bought Bought acheter
51%
Dig Dug Dug creuser
51%
Eat Ate Eaten manger
51%
Find Found Found trouver
51%
Spend Spent Spent dépenser
51%
Spring Sprang Sprung bondir
51%
Swim Swam Swum nager
51%
Drive Drove Driven conduire
49%
Get Got Got obtenir
49%
Lay Laid Laid poser à plat
49%
Lose Lost Lost perdre
49%
Read Read Read lire
49%
Shut Shut Shut fermer
49%
Sell Sold Sold vendre
49%
Take Took Taken prendre
49%
Bet Bet Bet parier
47%
Hide Hid Hid cacher
47%
Hang Hung Hung pendre
47%
Shine Shone Shone briller
47%
Drink Drank Drunk boire
45%
Fly Flew Flown voler
45%
Forgive Forgave Forgiven pardonner
45%
Spell Spelt Spelt épeler
45%
Stand Stood Stood être debout
45%
Wear Wore Wore porter
45%
Write Wrote Writen écrire
45%
Breed Bred Bred élever
43%
Lead Led Led mener
43%
Steal Stole Stolen voler
43%
Upset Upset Upset renverser
43%
Deal Dealt Dealt distrubuer
41%
Foresee Foresaw Foreseen prévoir
41%
Grow Grew Grown grandir
41%
Seek Sought Sought chercher
41%
Throw Threw Thrown jeter
41%
Undergo Underwent Undergone subir
41%
Draw Drew Drawn dessiner
39%
Learn Learnt Learnt apprendre
39%
Sink Sank Sunk couler
39%
Sweep Swept Swept balayer
39%
Undo Undid Undone défaire
39%
Show Showed Shown montrer
35%
Swear Swore Sworn jurer
31%
Bear Bore Borne supporter
20%
Lie Lay Lain être étendu
8%
Aucun quiz correspondant
Distribution des résultats
% des personnes avec chaque résultat
Percentile par nombre de réponses
Votre historique - résultats
Vous n’avez pas pris ce quiz